00287nam a22000737a 4500100002600000245012400026260005200150300001100202 aWeththasingh, Chamari aDetermination of Semiochemicals in Giricidia sepium on then Behavior of low country wood termite Glypotermes dilatatus/ aColombo:bInstitute of chemistry ceylon,c2016. ax,39p: